Labuan, Malaysia : Assessment of the Supervision and Regulation of the Financial Sector-Review of Financial Sector Regulation and Supervision.

This Review of Financial Sector Regulation and Supervision in Labuan, Malaysia, highlights the supervisory and antimoney laundering frameworks. Labuan, an offshore financial center located in Malaysia, has all the essential elements for a suitable framework for financial supervision. Nonperforming l...

Volledige beschrijving

Bibliografische gegevens
Coauteur: International Monetary Fund
Formaat: Tijdschrift
Taal:English
Gepubliceerd in: Washington, D.C. : International Monetary Fund, 2004.
Reeks:IMF Staff Country Reports; Country Report ; No. 2004/391
Online toegang:Full text available on IMF
LEADER 01680cas a2200241 a 4500
001 AALejournalIMF003348
008 230101c9999 xx r poo 0 0eng d
020 |c 5.00 USD 
020 |z 9781451828313 
022 |a 1934-7685 
040 |a BD-DhAAL  |c BD-DhAAL 
110 2 |a International Monetary Fund. 
245 1 0 |a Labuan, Malaysia :   |b Assessment of the Supervision and Regulation of the Financial Sector-Review of Financial Sector Regulation and Supervision. 
264 1 |a Washington, D.C. :  |b International Monetary Fund,  |c 2004. 
300 |a 1 online resource (54 pages) 
490 1 |a IMF Staff Country Reports 
500 |a <strong>Off-Campus Access:</strong> No User ID or Password Required 
500 |a <strong>On-Campus Access:</strong> No User ID or Password Required 
506 |a Electronic access restricted to authorized BRAC University faculty, staff and students 
520 3 |a This Review of Financial Sector Regulation and Supervision in Labuan, Malaysia, highlights the supervisory and antimoney laundering frameworks. Labuan, an offshore financial center located in Malaysia, has all the essential elements for a suitable framework for financial supervision. Nonperforming loans are relatively high in the banking sector, and demand for credit has been soft. Securities and capital market activities in Labuan are still embryonic, and the supervisory regime for this sector will need to be fleshed out as business develops. 
538 |a Mode of access: Internet 
830 0 |a IMF Staff Country Reports; Country Report ;  |v No. 2004/391 
856 4 0 |z Full text available on IMF  |u http://elibrary.imf.org/view/journals/002/2004/391/002.2004.issue-391-en.xml  |z IMF e-Library